[Event "1/32 Finale"]
[Site "www.chess-mail.com"]
[Date "2019.01.28"]
[Round "1"]
[White "Buchauer"]
[Black "Szustan"]
[WhiteElo "2800"]
[BlackElo "2540"]
[Result "1-0"]
[Round "1"]
1.d4 d5
2.c4 dxc4
3.Ng1f3 Ng8f6
4.e3 e6
5.Bf1xc4 c5
6.O-O a6
7.b3 b5
8.Bc4e2 Nb8d7
9.a4 b4
10.Bc1b2 Bf8e7
11.Nf3e5 Bc8b7
12.Be2f3 Nf6d5
13.Nb1d2 cxd4
14.Bb2xd4 Nd7xe5
15.Bd4xe5 O-O
16.Nd2c4 Be7f6
17.Qd1d4 Bf6xe5
18.Qd4xe5 Qd8b8
19.Qe5xb8 Ra8xb8
20.Rf1d1 h6
21.a5 Rf8c8
22.Rd1d4 Nd5f6
23.Bf3xb7 { resign }
1-0

[Event "Tourn. n10016"]
[Site "www.echecsemail.com"]
[Date "2019.01.29"]
[Round "1"]
[White "Coolant"]
[Black "Cemaah"]
[WhiteElo "2290"]
[BlackElo "2099"]
[Result "0-1"]
[Round "1"]
1.f4 d5
2.Ng1f3 Nb8c6
3.e3 Bc8g4
4.h3 Bg4xf3
5.Qd1xf3 Ng8f6
6.Bf1b5 Qd8d6
7.b3 O-O-O
8.Bc1b2 g6
9.O-O h5
10.Nb1c3 Qd6c5
11.d4 Qc5d6
12.a4 a6
13.Bb2a3 Qd6e6
14.Bb5d3 Bf8g7
15.f5 Qe6d7
16.fxg6 fxg6
17.Bd3xg6 Bg7h6
18.Ra1e1 Rd8g8
19.Bg6f5 e6
20.Bf5d3 Qd7g7
21.Rf1f2 Bh6g5
22.Re1f1 Bg5h4
23.Rf2e2 Nf6h7
24.Bd3xh7 Rh8xh7
25.Nc3d1 Nc6e7
26.Ba3xe7 Bh4xe7
27.Re2f2 Be7d6
28.c4 c6
29.cxd5 exd5
30.Qf3f6 Qg7g3
31.Qf6f5 Kb8
32.Rf1e1 Rh7g7
33.Kf1 Bd6b4
34.Re1e2 Ka7
35.Qf5xh5 Qg3h2
36.Re2c2 Rg7xg2
37.Qh5f3 Qh2g1
38.Ke2 Rg8g3
39.Qf3h5 Rg2xf2
40.Nd1xf2 Qg1e1
41.Kd3 Qe1xe3

0-1

[Event "Tourn. n9989"]
[Site "www.echecsemail.com"]
[Date "2019.01.29"]
[Round "1"]
[White "Bojan"]
[Black "Ff333"]
[WhiteElo "1980"]
[BlackElo "2060"]
[Result "1-0"]
[Round "1"]
1.e4 e5
2.Ng1f3 Nb8c6
3.d4 exd4
4.Nf3xd4 Qd8f6
5.Bc1e3 Bf8c5
6.c3 Ng8h6
7.h3 O-O
8.Qd1d2 Bc5e7
9.Bf1b5 a6
10.Nd4xc6 dxc6
11.Bb5d3 Kh8
12.Qd2e2 c5
13.Nb1d2 b6
14.g4 Qf6c6
15.f3 Nh6g8
16.O-O h6
17.a3 Be7h4
18.e5 Qc6d7
19.Be3f4 Ng8e7
20.Ra1d1 Ne7d5
21.Bf4h2 Bc8b7
22.f4 f6
23.e6 Qd7d6
24.Nd2c4 Qd6c6
25.Bd3e4 Nd5xc3
26.bxc3 Qc6xe4
27.Qe2xe4 Bb7xe4
28.f5 Be4c2
29.Rd1d7 Rf8d8
30.Bh2xc7 Rd8e8
31.e7 Kh7
32.Bc7xb6 Bc2a4
33.Rd7d8 Bh4g3
34.Rf1f3 Bg3e5
35.Nc4xe5 fxe5
36.Rf3e3 Ra8b8
37.Rd8xb8 Re8xb8
38.Bb6xc5 Kg8
39.Bc5d6 Rb8b1
40.Kf2 Rb1b2
41.Kg3 Kf7
42.Re3xe5 Rb2d2
43.Bd6c5 Rd2d3
44.Kh4 Rd3xc3
45.Bc5b4 Rc3f3
46.Re5d5 Ba4b5
47.Rd5d8 Bb5e8
48.Rd8a8 g5
49.fxg6 Kxg6
50.Ra8xe8 Rf3e3
51.Re8f8 Kg7
52.Bb4c3 { resign }
1-0

[Event "Tourn. n10039"]
[Site "www.echecsemail.com"]
[Date "2019.01.29"]
[Round "1"]
[White "Picifarkinca"]
[Black "Hansen"]
[WhiteElo "1890"]
[BlackElo "1710"]
[Result "1-0"]
[Round "1"]
1.e4 Ng8f6
2.e5 Nf6e4
3.d4 e6
4.Bf1d3 Qd8h4
5.g3 Qh4e7
6.Bd3xe4 d5
7.Be4g2 Nb8c6
8.Ng1f3 h6
9.O-O g5
10.c3 f6
11.Qd1e2 fxe5
12.Nf3xe5 Qe7f6
13.Qe2h5 Ke7
14.Ne5g6 Kd8
15.Ng6xh8 Qf6xh8
16.Bc1xg5 Bf8e7
17.Qh5xh6 Qh8g8
18.Bg5xe7 Nc6xe7
19.Nb1d2 Ne7f5
20.Qh6f6 Kd7
21.Bg2xd5 exd5
22.Qf6xf5 Kc6
23.Qf5f6 Bc8e6
24.Rf1e1 Ra8e8
25.Re1e5 b5
26.Ra1e1 Kd6
27.Nd2b3 Qg8f7
28.Qf6xf7 Be6xf7
29.Re5xe8 Kc6
30.Re8e7 Bf7g8
31.Nb3c5 Kb6
32.b4 a6
33.Re7g7 { resign }
1-0

[Event "Match"]
[Site "www.echecsemail.com"]
[Date "2019.01.29"]
[Round "1"]
[White "Tbsundar"]
[Black "Caroluigi"]
[WhiteElo "2090"]
[BlackElo "1940"]
[Result "1/2-1/2"]
[Round "1"]
1.d4 Ng8f6
2.c4 g6
3.Ng1f3 Bf8g7
4.e3 O-O
5.Nb1d2 d6
6.h3 Nb8d7
7.b3 e5
8.Bc1b2 exd4
9.exd4 Rf8e8
10.Bf1e2 Qd8e7
11.Kf1 Nd7b6
12.Be2d3 Nb6d7
13.Qd1c2 Nd7b6
14.Ra1e1 Qe7d8
15.Nd2e4 d5
16.Ne4xf6 Bg7xf6
17.Nf3e5 { draw }
1/2-1/2

[Event "Fast Game"]
[Site "www.echecsemail.com"]
[Date "2019.01.29"]
[Round "1"]
[White "Cal"]
[Black "Hennie4820"]
[WhiteElo "1620"]
[BlackElo "1700"]
[Result "1-0"]
[Round "1"]
1.Ng1f3 Ng8f6
2.d4 g6
3.Nb1c3 Bf8g7
4.e4 d6
5.h3 O-O
6.a3 Nb8d7
7.Bf1d3 e5
8.d5 Nd7c5
9.Bd3e2 Nc5xe4
10.Bc1g5 Ne4xg5
11.Nf3xg5 Nf6xd5
12.Qd1d2 Nd5xc3
13.Qd2xc3 h6
14.Ng5e4 Bc8e6
15.O-O f5
16.Ne4g3 e4
17.Qc3b4  { time }
1-0

[Event "Tourn. n9963"]
[Site "www.echecsemail.com"]
[Date "2019.01.30"]
[Round "1"]
[White "Johnmcbride"]
[Black "Hundegana"]
[WhiteElo "2020"]
[BlackElo "2060"]
[Result "1-0"]
[Round "1"]
1.e4 c5
2.c4 Nb8c6
3.Nb1c3 e6
4.Ng1e2 a6
5.d3 Ng8f6
6.Bc1f4 h6
7.h4 Nf6h5
8.Bf4e3 Bf8e7
9.g4 Nh5f6
10.f3 Qd8b6
11.Qd1b3 Qb6xb3
12.axb3 Nc6b4
13.O-O-O O-O
14.g5 Nf6h7
15.gxh6 g6
16.d4 b6
17.Bf1g2 d5
18.cxd5 exd5
19.Nc3xd5 Nb4xd5
20.exd5 Bc8f5
21.dxc5 bxc5
22.d6 Be7f6
23.d7 Rf8d8
24.Be3xc5 Rd8xd7
25.Rd1xd7 Bf5xd7
26.b4 Bd7b5
27.Ne2c3 Bf6xc3
28.bxc3 Ra8e8
29.f4 Nh7f6
30.Bg2f3 Kh7
31.Bc5d4 Nf6g8
32.Bf3d5 Re8e7
33.c4 Bb5a4
34.Bd4c5 Re7e2
35.Bd5xf7 Ng8xh6
36.Bf7d5 Re2c2
37.Kb1 Nh6f5
38.h5 Nf5g3
39.hxg6 Kg7
40.Bc5d4 Kxg6
41.Rh1g1 Kf5
42.Rg1xg3 Kxf4
43.Rg3a3 Rc2d2
44.Bd4e3 Ke5
45.Be3xd2 Ba4d1
46.Ra3xa6 Kd4
47.Ra6a3 Bd1e2
48.Bd2e3 Ke5
49.Be3c5 Be2f1
50.Ra3e3 Kf4
51.Re3f3 { resign }
1-0

[Event "Tourn. n10057"]
[Site "www.echecsemail.com"]
[Date "2019.01.30"]
[Round "1"]
[White "Bojan"]
[Black "Amaya"]
[WhiteElo "1930"]
[BlackElo "2040"]
[Result "0-1"]
[Round "1"]
1.e4 e6
2.b3 d5
3.exd5 exd5
4.Bc1b2 Ng8f6
5.h3 Bf8d6
6.Qd1f3 Nb8d7
7.Nb1c3 O-O
8.Nc3xd5 c6
9.Nd5xf6 Nd7xf6
10.O-O-O Qd8a5
11.a4 Bc8e6
12.Bb2xf6 gxf6
13.Qf3xf6 Qa5b4
14.Qf6b2 Qb4b6
15.f3 Bd6b4
16.Ng1e2 Qb6c5
17.c3 Bb4a3
18.Ne2d4 Ba3xb2
19.Kxb2 Be6f5
20.Bf1c4 a6
21.Bc4e2 b5
22.b4 Qc5d5
23.a5 Bf5e6
24.Nd4xe6 Qd5xe6
25.Rh1e1 Qe6f6
26.d4 Rf8e8
27.Rd1d2 Qf6g5
28.Re1d1 Qg5xg2
29.Be2d3 Qg2xf3
30.Rd1f1 Qf3xh3
31.Rf1g1 Kh8
32.Bd3b1 Re8g8
33.Rg1e1 Rg8g2
34.Re1e2 Rg2xe2
35.Rd2xe2 Ra8g8
36.Bb1e4 f5
37.Be4xc6 Qh3d3
38.Re2f2 Rg8g1
39.Rf2c2 Qd3d1
40.c4 Qd1a1
41.Kb3 Rg1g3
{ resign }
0-1

[Event "Match"]
[Site "www.echecsemail.com"]
[Date "2019.01.30"]
[Round "1"]
[White "Add"]
[Black "Numanoid"]
[WhiteElo "2210"]
[BlackElo "2740"]
[Result "0-1"]
[Round "1"]
1.c4 e5
2.e4 Ng8f6
3.d3 Bf8c5
4.h3 O-O
5.Ng1f3 Nb8c6
6.Nb1c3 d6
7.Bc1g5 h6
8.Bg5h4 g5
9.Bh4g3 Nf6h5
10.Qd1d2 Nh5xg3
11.fxg3 Nc6d4
12.Nf3xd4 Bc5xd4
13.g4 a6
14.O-O-O b5
15.Bf1e2 Bc8e6
16.h4 c6
17.hxg5 Qd8xg5
18.Qd2xg5 hxg5
19.Rh1h5 Bd4e3
20.Kc2 Kg7
21.Rd1h1 Kf6
22.Rh1f1 Ke7
23.Rh5h3 Be3d4
24.Nc3d1 Ra8b8
25.b3 a5
26.Nd1e3 a4
27.Ne3f5 Be6xf5
28.gxf5 axb3
29.axb3 Rb8a8
30.f6 Kd7
31.Be2g4 Kc7
32.Rf1b1 Ra8a2
33.Kd1 b4
34.Bg4f3 Rf8a8
35.g4 Ra2f2
{ resign }
0-1

[Event "Tourn. n10041"]
[Site "www.echecsemail.com"]
[Date "2019.01.30"]
[Round "1"]
[White "Fantomas"]
[Black "Goofy"]
[WhiteElo "2180"]
[BlackElo "2210"]
[Result "0-1"]
[Round "1"]
1.e4 d6
2.d4 Ng8f6
3.Nb1c3 Nb8d7
4.Ng1f3 e5
5.dxe5 dxe5
6.Bf1c4 Bf8e7
7.h3 c6
8.a3 Qd8c7
9.O-O h6
10.Rf1e1 Nd7f8
11.Bc1e3 Nf8g6
12.Qd1c1 b5
13.Bc4a2 a5
14.Be3d2 Bc8b7
15.Nf3h2 b4
16.axb4 axb4
17.Nc3d1 c5
18.f3 c4
19.Nd1e3 c3
{ resign }
0-1

[Event "Match"]
[Site "www.echecsemail.com"]
[Date "2019.01.30"]
[Round "1"]
[White "Mitja"]
[Black "Ssharp"]
[WhiteElo "1950"]
[BlackElo "2300"]
[Result "0-1"]
[Round "1"]
1.d4 e6
2.e3 d5
3.c3 c5
4.dxc5 Bf8xc5
5.b3 Nb8c6
6.Bc1b2 Ng8f6
7.Ng1f3 O-O
8.Bf1d3 e5
9.Bd3c2 e4
10.Nf3d4 Nc6xd4
11.cxd4 Bc5d6
12.O-O Bd6xh2
13.Kxh2 Nf6g4
14.Kg1 Qd8h4
15.Rf1e1 Qh4xf2
16.Kh1 Qf2h4
17.Kg1 Qh4h2
{ resign }
0-1

[Event "Match"]
[Site "www.echecsemail.com"]
[Date "2019.01.30"]
[Round "1"]
[White "Peterpawn"]
[Black "Bjonil60"]
[WhiteElo "1499"]
[BlackElo "1440"]
[Result "1-0"]
[Round "1"]
1.e4 Nb8c6
2.d4 a6
3.d5 Nc6a7
4.Nb1c3 d6
5.Ng1f3 b6
6.Bf1e2 e6
7.O-O e5
8.Bc1e3 Ng8f6
9.h3 Qd8e7
10.Be2d3 Qe7d7
11.Qd1e2 Bf8e7
12.Bd3xa6 Bc8xa6
13.Qe2xa6 h6
14.a4 O-O
15.a5 bxa5
16.Nf3h4  { time }
1-0

[Event "Match"]
[Site "www.echecsemail.com"]
[Date "2019.01.30"]
[Round "1"]
[White "Hundegana"]
[Black "Ztornad"]
[WhiteElo "2060"]
[BlackElo "1820"]
[Result "0-1"]
[Round "1"]
1.b4 b5
2.Bc1b2 Ng8f6
3.e3 c6
4.d3 d5
5.Nb1d2 Bc8g4
6.f3 Bg4f5
7.g4 Bf5e6
8.h3 g5
9.a3 Bf8g7
10.Ra1b1 Nb8d7
11.Ng1e2 a5
12.c3 a4
13.Qd1c2 d4
14.Ne2xd4 Be6b3
15.Nd2xb3 Nf6d5
16.Qc2e2 axb3
17.Nd4xb3 Nd5xc3
18.Bb2xc3 Bg7xc3
19.Kf2 Ra8xa3
20.Nb3a5 Qd8c7
21.Rb1b3 Ra3xb3
22.Na5xb3 Bc3xb4
23.Qe2b2 f6
24.Nb3d4 Bb4c5
25.Nd4e6 Qc7d6
26.Ne6g7 Kf8
27.Ng7f5 Qd6e6
28.d4 Bc5b6
29.Qb2c3 Nd7b8
30.Bf1d3 Qe6a2
31.Kg3 Bb6c7
32.f4 gxf4
33.exf4 Bc7xf4
34.Kxf4 Qa2f2
35.Ke4 Qf2g2
36.Ke3 Qg2xh1
37.Qc3c5 Qh1xh3
38.Kd2 Qh3h2
39.Kc3 Qh2c7
40.Kb3 Nb8a6
41.Qc5a3 Qc7b7
42.Bd3e4 Na6b8
43.Qa3a5 Qb7c8
44.Kc3 h5
45.gxh5 Rh8xh5
46.Nf5e3 Nb8a6
47.Qa5b6 Na6b8
48.Kb4 Nb8d7
49.Qb6a7 c5
50.dxc5 Qc8xc5
51.Qa7xc5 Nd7xc5
52.Be4c6 Nc5d3
53.Kc3 Rh5c5
54.Kxd3 Rc5xc6
{ resign }
0-1

[Event "1/128 Finale"]
[Site "www.chess-mail.com"]
[Date "2019.01.30"]
[Round "1"]
[White "Add"]
[Black "Cal"]
[WhiteElo "2210"]
[BlackElo "1830"]
[Result "1-0"]
[Round "1"]
1.c4 e5
2.d4 e4
3.Nb1c3 d6
4.e3 a6
5.Nc3xe4 Bc8f5
6.Ne4c3 Ng8f6
7.Bf1d3 h6
8.Bd3xf5 c6
9.Ng1f3 Bf8e7
10.O-O O-O
11.Qd1b3 b6
12.d5 cxd5
13.Nc3xd5 Nf6xd5
14.cxd5 a5
15.Bc1d2 Nb8a6
16.Bd2c3 Na6c5
17.Qb3b5 g6
18.Bf5c2 Qd8c7
19.Nf3d4 Be7f6
20.Nd4c6 Bf6xc3
21.bxc3 Nc5d7
22.Qb5d3 Ra8e8
23.a4 Nd7c5
24.Qd3c4 f5
25.Nc6d4 Re8c8
26.Nd4b5 Qc7e7
27.Qc4f4 Nc5d7
28.Qf4xh6 Nd7e5
29.f4 Ne5g4
30.Qh6xg6 Qe7g7
31.Qg6e6 Kh8
32.Rf1f3 Rc8d8
33.Rf3h3 Ng4h6
34.Rh3xh6 Qg7h7
35.Rh6xh7 Kxh7
36.Bc2xf5 Kh8
37.Qe6h6 Kg8
38.Qh6h7 { resign }
1-0

[Event "Fast Game"]
[Site "www.echecsemail.com"]
[Date "2019.01.30"]
[Round "1"]
[White "Hennie4820"]
[Black "Ranjachess"]
[WhiteElo "1700"]
[BlackElo "1690"]
[Result "0-1"]
[Round "1"]
1.e4 e5
2.Ng1f3 d6
3.Bf1c4 Bc8g4
4.d4 exd4
5.Qd1xd4 Bg4xf3
6.Qd4d5 Qd8e7
7.gxf3 c6
8.Qd5d1 d5
9.Bc4d3 Nb8d7
10.Bc1f4 Qe7f6
11.Bf4g3 Qf6xb2
12.Nb1d2 { time. }
0-1

[Event "Tourn. n10057"]
[Site "www.echecsemail.com"]
[Date "2019.01.31"]
[Round "1"]
[White "Malbertan"]
[Black "Picifarkinca"]
[WhiteElo "1960"]
[BlackElo "2010"]
[Result "0-1"]
[Round "1"]
1.e4 e5
2.f4 exf4
3.Ng1f3 d6
4.Bf1c4 h6
5.O-O Bc8e6
6.Bc4xe6 fxe6
7.e5 Nb8c6
8.d4 dxe5
9.Nf3xe5 Qd8xd4
10.Qd1xd4 Nc6xd4
{ resign }
0-1

[Event "Match"]
[Site "www.echecsemail.com"]
[Date "2019.01.31"]
[Round "1"]
[White "Tbsundar"]
[Black "Logout"]
[WhiteElo "2060"]
[BlackElo "2150"]
[Result "1-0"]
[Round "1"]
1.d4 d5
2.c4 dxc4
3.e3 Ng8f6
4.Bf1xc4 e6
5.Ng1f3 Bf8e7
6.Qd1a4 Bc8d7
7.Bc4b5 c6
8.Bb5e2 b5
9.Qa4c2 Qd8b6
10.O-O O-O
11.Nb1d2 Nb8a6
12.a3 c5
13.dxc5 Na6xc5
14.b4 Nc5b7
15.Bc1b2 Ra8c8
16.Qc2b3 a5
17.Bb2d4 Qb6c6
18.Ra1c1 Qc6d5
19.Bd4xf6 Be7xf6
20.Qb3xd5 exd5
21.Nd2b3 a4
22.Nb3d4 Nb7d6
23.Rc1c5 Bf6xd4
24.exd4 Rc8xc5
25.dxc5 Nd6c4
26.Be2xc4 dxc4
27.Nf3e5 Bd7f5
28.Rf1d1 f6
29.Ne5c6 Rf8c8
30.Nc6e7 Kf7
31.Ne7xf5 g6
32.Nf5d6 Ke7
33.Nd6xc8 Ke6
34.c6 c3
35.Rd1c1 Kd5
36.Rc1xc3 Kd4
37.Rc3c5 Kd3
38.c7 Ke2
39.Rc5d5 Ke1
40.Nc8a7 h5
41.c8R g5
42.Rc8e8 
1-0

[Event "Tourn. n10048"]
[Site "www.echecsemail.com"]
[Date "2019.01.31"]
[Round "1"]
[White "Coolant"]
[Black "Ff333"]
[WhiteElo "2270"]
[BlackElo "2020"]
[Result "1-0"]
[Round "1"]
1.Nb1c3 e5
2.Ng1f3 d6
3.d4 f6
4.e4 Ng8e7
5.Bf1c4 a6
6.dxe5 dxe5
7.Bc4f7 Kxf7
8.Qd1xd8 c6
9.Bc1e3 Nb8d7
10.O-O-O c5
11.Rd1xd7 Ke6
12.Rd7xe7 Bf8xe7
13.Qd8xh8 b5
14.Qh8g8 Kd7
15.Rh1d1 { resign }
1-0

[Event "Tourn. n10056"]
[Site "www.echecsemail.com"]
[Date "2019.01.31"]
[Round "1"]
[White "Souricette64"]
[Black "Odin"]
[WhiteElo "1799"]
[BlackElo "1930"]
[Result "1-0"]
[Round "1"]
1.e4 e5
2.Ng1f3 d6
3.d4 Bc8g4
4.dxe5 Bg4xf3
5.Qd1xf3 dxe5
6.Bf1c4 Ng8f6
7.Qf3b3 Nf6xe4
8.Bc4xf7 Kd7
9.Qb3e6 { resign }
1-0

[Event "Tourn. n10013"]
[Site "www.echecsemail.com"]
[Date "2019.01.31"]
[Round "1"]
[White "Numanoid"]
[Black "Apdash"]
[WhiteElo "2630"]
[BlackElo "2290"]
[Result "1-0"]
[Round "1"]
1.e4 e5
2.Ng1f3 Nb8c6
3.d4 exd4
4.Nf3xd4 Ng8f6
5.Nd4xc6 bxc6
6.e5 Qd8e7
7.Qd1e2 Nf6d5
8.c4 Nd5b6
9.Nb1c3 d6
10.c5 dxc5
11.g3 Nb6d5
12.Bf1g2 Bc8e6
13.O-O a5
14.Nc3e4 f5
15.Ne4g5 g6
16.h4 h6
17.Ng5xe6 Qe7xe6
18.Rf1e1 Bf8g7
19.Bc1e3 Nd5xe3
20.Qe2xe3 c4
21.Qe3c5 Ra8a6
22.Bg2f1 Ra6b6
23.Bf1xc4 Qe6e7
24.Qc5xa5 Qe7d8
25.Ra1d1 Qd8b8
26.Qa5d2 Qb8c8
27.Bc4b3 Ke7
28.Qd2c3 Ke8
29.Qc3c4 Rh8f8
30.e6 Bg7xb2
31.e7 Rf8f6
32.Qc4g8 { resign }
1-0

[Event "Tourn. n10048"]
[Site "www.echecsemail.com"]
[Date "2019.01.31"]
[Round "1"]
[White "Cathar"]
[Black "Ff333"]
[WhiteElo "2140"]
[BlackElo "2020"]
[Result "1-0"]
[Round "1"]
1.e4 e5
2.Ng1f3 d6
3.d4 Bc8g4
4.dxe5 Bg4xf3
5.Qd1xf3 dxe5
6.Bf1c4 Qd8f6
7.Qf3b3 b6
8.Nb1c3 c6
9.O-O Nb8d7
10.Bc1g5 Qf6g6
11.Ra1d1 Nd7c5
12.Nc3b5 Nc5a6
13.Qb3d3 Bf8e7
14.Qd3d7 Kf8
15.Bg5xe7 Ng8xe7
16.Qd7d8 { resign }
1-0

[Event "Tourn. n10036"]
[Site "www.echecsemail.com"]
[Date "2019.01.31"]
[Round "1"]
[White "Apdash"]
[Black "Bojan"]
[WhiteElo "2260"]
[BlackElo "2030"]
[Result "1-0"]
[Round "1"]
1.d4 c6
2.e4 e6
3.Ng1f3 h6
4.c4 d5
5.exd5 exd5
6.Nb1c3 Ng8f6
7.cxd5 Nf6xd5
8.Bf1e2 Bc8e6
9.O-O Nb8d7
10.Rf1e1 Qd8f6
11.Be2d3 Bf8b4
12.Nc3xd5 cxd5
13.Bc1d2 Bb4xd2
14.Qd1xd2 O-O
15.Ra1c1 Rf8c8
16.h3 Nd7f8
17.Nf3e5 Nf8g6
18.Ne5xg6 fxg6
19.Qd2e3 Rc8e8
20.Qe3g3 g5
21.Re1e5 Re8e7
22.Bd3b1 Ra8e8
23.Rc1e1 g6
24.Re1e3 Kf7
25.Re3f3 Be6f5
26.Rf3xf5 gxf5
27.Re5xf5 Re7e1
28.Kh2 Re1xb1
29.Rf5xf6 Kxf6
30.Qg3f3 Kg7
31.Qf3xd5 Re8e7
32.Qd5c5 Re7f7
33.d5 b6
34.Qc5c3 Kg8
35.Qc3c8 Kg7
36.Qc8c3 Kg8
37.d6 Rf7xf2
38.d7 Rb1d1
39.Qc3b3 { resign }
1-0

[Event "Tourn. n9980"]
[Site "www.echecsemail.com"]
[Date "2019.02.01"]
[Round "1"]
[White "Hundegana"]
[Black "Amaya"]
[WhiteElo "2070"]
[BlackElo "2100"]
[Result "0-1"]
[Round "1"]
1.b4 Ng8f6
2.Bc1b2 e6
3.a3 d5
4.e3 Bf8e7
5.Ng1e2 O-O
6.g3 c5
7.c3 c4
8.d3 b5
9.dxc4 bxc4
10.Bf1g2 a6
11.Nb1d2 Qd8c7
12.h3 Bc8d7
13.Qd1c2 Nb8c6
14.f4 e5
15.fxe5 Qc7xe5
16.Bb2c1 Nf6h5
17.Nd2f3 Qe5e4
18.Qc2xe4 dxe4
19.Nf3d4 f5
20.O-O Be7d6
21.Nd4xc6 Bd7xc6
22.Ne2d4 Bc6d7
23.Nd4e2 Bd6xg3
24.Rf1d1 Bd7a4
25.Rd1d4 Ba4b5
26.a4 Rf8d8
27.Bg2h1 Bb5e8
28.Kg2 Bg3h4
29.Bc1d2 Bh4f6
30.Rd4xd8 Ra8xd8
31.Ne2d4 Bf6xd4
32.cxd4 Nh5f6
33.Bd2c3 Nf6d5
34.Bc3d2 c3
35.Bd2c1 Nd5xb4
36.Kf2 Nb4d3
37.Ke2 Nd3xc1
38.Ra1xc1 Rd8c8
39.a5 Be8b5
40.Kf2 Bb5d3
41.Kg3 c2
42.Bh1g2 Rc8b8
43.Kf4 g6
44.Ke5 Rb8b1
45.d5 Rb1xc1
46.d6 Rc1b1
47.d7 Rb1b8
48.Kd6 c1Q
49.Ke7 Qc1c5
50.Ke6 Bd3c4
51.Kf6 Qc5d6
52.Kg5 Kg7
53.d8Q Qd6g3

0-1

[Event "Match"]
[Site "www.echecsemail.com"]
[Date "2019.02.01"]
[Round "1"]
[White "Calponas"]
[Black "Tbsundar"]
[WhiteElo "2050"]
[BlackElo "2000"]
[Result "1-0"]
[Round "1"]
1.e4 e5
2.Ng1f3 Nb8c6
3.Bf1b5 a6
4.Bb5a4 Ng8f6
5.O-O b5
6.Ba4b3 Bf8e7
7.Rf1e1 O-O
8.d3 d6
9.h3 Nc6a5
10.c3 c5
11.Bb3c2 Bc8b7
12.Bc1e3 Qd8c7
13.Nb1d2 Ra8c8
14.Ra1c1 h6
15.Nd2f1 c4
16.Nf1g3 Nf6d7
17.d4 Rf8e8
18.d5 Bb7a8
19.Ng3f5 Be7f8
20.Qd1d2 Kh7
21.g4 f6
22.h4 g5
23.Kg2 Kg6
24.Re1h1 Nd7c5
25.hxg5 Nc5d3
26.Bc2xd3 cxd3
27.gxh6 Kh7
28.Qd2xd3 Na5c4
29.Rc1c2 Nc4xe3
30.Qd3xe3 Qc7c5
31.Qe3d2 b4
32.c4 Ba8xd5
33.exd5 e4
34.Nf3d4 Re8e5
35.Nd4e6 Re5xe6
36.dxe6 d5
37.g5 d4
38.g6 Kxg6
39.Nf5h4 Kh7
40.Qd2f4 Qc5g5
41.Qf4xg5 fxg5
42.Nh4f5 Bf8c5
43.e7 d3
44.Rc2d2 Rc8e8
45.f3 Kg6
46.fxe4 Bc5xe7
47.Nf5xe7 Re8xe7
48.h7 { resign }
1-0

[Event "Match"]
[Site "www.echecsemail.com"]
[Date "2019.02.01"]
[Round "1"]
[White "Hundegana"]
[Black "Jovaras"]
[WhiteElo "2100"]
[BlackElo "2140"]
[Result "0-1"]
[Round "1"]
1.e4 c5
2.Bf1c4 e6
3.Ng1f3 Ng8f6
4.d3 Nb8c6
5.c3 Bf8e7
6.O-O O-O
7.a3 a6
8.a4 Ra8b8
9.h3 b5
10.axb5 axb5
11.Bc4b3 Bc8b7
12.Bc1f4 d6
13.Qd1c2 e5
14.Bf4e3 d5
15.exd5 Nf6xd5
16.Bb3xd5 Qd8xd5
17.Nb1d2 Rb8d8
18.Nf3e1 f5
19.f3 Be7h4
20.Be3f2 Bh4xf2
21.Rf1xf2 Nc6e7
22.Rf2e2 Ne7g6
23.g3 c4
24.dxc4 bxc4
25.Kg2 e4
26.fxe4 fxe4
27.Nd2xe4 Rd8e8
28.Ra1d1 Qd5c6
29.Kg1 Re8xe4
30.Re2xe4 Qc6xe4
31.Qc2xe4 Bb7xe4
32.Rd1d4 Rf8e8
{ resign }
0-1

[Event "Match"]
[Site "www.echecsemail.com"]
[Date "2019.02.01"]
[Round "1"]
[White "Hundegana"]
[Black "Urbe69"]
[WhiteElo "2030"]
[BlackElo "2370"]
[Result "0-1"]
[Round "1"]
1.e4 c5
2.Bf1c4 Nb8c6
3.c3 e6
4.Ng1f3 d5
5.exd5 exd5
6.Bc4b5 Ng8f6
7.d3 Bf8d6
8.Bc1g5 h6
9.Bg5h4 O-O
10.O-O Rf8e8
11.Nb1d2 Bc8f5
12.Rf1e1 Re8xe1
13.Qd1xe1 a6
14.Bb5xc6 bxc6
15.d4 cxd4
16.Nf3xd4 Bf5d7
17.Nd2f3 c5
{ resign }
0-1

[Event "Tourn. n9922"]
[Site "www.echecsemail.com"]
[Date "2019.02.01"]
[Round "1"]
[White "Pdebonis"]
[Black "Marbachess"]
[WhiteElo "2700"]
[BlackElo "2550"]
[Result "1-0"]
[Round "1"]
1.d4 f5
2.g3 Ng8f6
3.Bf1g2 g6
4.c4 Bf8g7
5.Nb1c3 O-O
6.Ng1h3 d6
7.O-O Nb8c6
8.d5 Nc6e5
9.b3 c5
10.Bc1b2 a6
11.a4 Bc8d7
12.Qd1c2 b6
13.Rf1e1 Ra8b8
14.e3 Ne5f7
15.Nh3f4 Nf7e5
16.Ra1a2 Qd8c8
17.Nf4h3 Ne5f7
18.Re1a1 Rf8e8
19.Nh3f4 Nf7e5
20.Ra1c1 Re8f8
21.Rc1e1 Qc8c7
22.Re1a1 Qc7c8
23.Nf4h3 Qc8b7
24.Qc2e2 Nf6e4
25.Nc3d1 Ne5f7
26.Bb2xg7 Kxg7
27.f4 Ne4f6
28.Nh3f2 Nf7h6
29.Nd1c3 Qb7c7
30.Ra1e1 Rf8e8
31.h3 Nh6f7
32.g4 g5
33.h4 h6
34.hxg5 hxg5
35.e4 fxg4
36.e5 gxf4
37.e6 f3
38.Bg2xf3 gxf3
39.Qe2xf3 Re8g8
40.Nf2e4 Nf7e5
41.Qf3f5 Nf6g4
42.Ne4g5 Rg8h8
43.exd7 Qc7xd7
44.Ng5e6 { resign }
1-0

[Event "Tourn. n9946"]
[Site "www.echecsemail.com"]
[Date "2019.02.01"]
[Round "1"]
[White "Libiesse"]
[Black "Fabos12"]
[WhiteElo "1920"]
[BlackElo "1880"]
[Result "1-0"]
[Round "1"]
1.d4 e6
2.c4 Nb8c6
3.Ng1f3 d5
4.cxd5 exd5
5.Nb1c3 Bf8b4
6.Bc1f4 h6
7.a3 Bb4a5
8.b4 Ba5b6
9.e3 Bc8f5
10.Bf1d3 Bf5g4
11.Bd3e2 f6
12.O-O Ng8e7
13.Qd1b3 O-O
14.Ra1c1 Kh8
15.h3 Bg4h5
16.Nc3a4 Bh5f7
17.Na4c5 Ne7f5
18.Nc5xb7 Qd8c8
19.Be2a6 Nc6b8
20.Nb7d6 Qc8d7
21.Nd6xf7 Qd7xf7
22.Ba6b7 Nb8d7
23.Bb7xa8 Rf8xa8
24.Bf4xc7 Qf7e6
25.Bc7xb6 Nd7xb6
26.Nf3d2 Nf5d6
27.Rc1c7 Nd6c4
28.Nd2xc4 Nb6xc4
29.Rc7c5 Nc4d2
30.Qb3xd5 Qe6xd5
31.Rc5xd5 Nd2xf1
32.Kxf1 Kh7
33.Ke2 Kg6
34.f3 Ra8c8
35.e4 Rc8c2
36.Kf1 Rc2c4
37.Rd5d6 Kg5
38.Kf2 Rc4c2
39.Kg3 h5
40.h4 Kg6
41.d5 Rc2a2
42.Rd6a6 { resign }
1-0

[Event "Tourn. n10044"]
[Site "www.echecsemail.com"]
[Date "2019.02.01"]
[Round "1"]
[White "Roque1"]
[Black "Mitja"]
[WhiteElo "2000"]
[BlackElo "1930"]
[Result "0-1"]
[Round "1"]
1.e4 d5
2.exd5 Qd8xd5
3.Nb1c3 Qd5d8
4.Bf1e2 e6
5.Ng1f3 c6
6.O-O h6
7.d3 Ng8f6
8.Bc1e3 b6
9.Qd1d2 Bc8b7
10.Ra1e1 { time. }
0-1

[Event "Tourn. n10013"]
[Site "www.echecsemail.com"]
[Date "2019.02.01"]
[Round "1"]
[White "Numanoid"]
[Black "Dougbeer"]
[WhiteElo "2630"]
[BlackElo "2460"]
[Result "1-0"]
[Round "1"]
1.e4 e6
2.d4 d5
3.e5 c5
4.c3 Nb8c6
5.Ng1f3 Qd8b6
6.a3 Ng8h6
7.b4 cxd4
8.cxd4 Nh6f5
9.Bc1b2 Bc8d7
10.g4 Nf5h6
11.Rh1g1 f6
12.exf6 gxf6
13.Nb1c3 Nh6f7
14.Nc3a4 Qb6c7
15.Ra1c1 Qc7f4
16.Na4c5 Bf8xc5
17.dxc5 Nc6e5
18.Nf3xe5 fxe5
19.h4 O-O
20.Qd1d2 Qf4h2
21.Rg1g3 Qh2xh4
22.g5 d4
23.g6 hxg6
24.b5 Kg7
25.Qd2e2 Ra8c8
26.Bf1g2 Rc8c7
27.a4 Rf8c8
28.Bg2e4 g5
29.Bb2a3 a6
30.Rg3g4 Qh4h3
31.Be4d3 Qh3h6
32.c6 bxc6
33.b6 Rc7b7
34.a5 Qh6h1
35.Kd2 Qh1d5
36.Ba3e7 Bd7e8
37.Be7c5 Rc8d8
38.Rc1c4 Nf7d6
39.Rg4xg5 Kf6
40.Bc5xd6 Kxg5
41.f4 { resign }
1-0

[Event "Tourn. n10016"]
[Site "www.echecsemail.com"]
[Date "2019.02.01"]
[Round "1"]
[White "Roque1"]
[Black "Scasan55"]
[WhiteElo "2020"]
[BlackElo "2020"]
[Result "0-1"]
[Round "1"]
1.e4 c5
2.Ng1f3 d6
3.d4 cxd4
4.Nf3xd4 Ng8f6
5.Nb1c3 a6
6.Bf1d3 e6
7.Bc1g5 Bf8e7
8.O-O O-O
9.Qd1d2 Nb8d7
10.b4 Qd8c7
11.a4 Nd7e5
12.b5 Ne5xd3
13.Qd2xd3 Bc8d7
14.a5 Rf8c8
15.Nd4e2 h6
16.Bg5h4 axb5
17.Nc3xb5 Bd7xb5
18.Qd3xb5 Qc7xc2
19.Qb5xb7 Kf8
20.Ra1c1 Rc8b8
21.Qb7xb8 Ra8xb8
22.Rc1xc2 g5
23.Bh4g3 Nf6xe4
24.Rf1c1 Kg7
25.Rc2c8 Rb8b2
26.Rc8c7 { time. }
0-1

[Event "Match"]
[Site "www.echecsemail.com"]
[Date "2019.02.01"]
[Round "1"]
[White "Ditto"]
[Black "Darknight"]
[WhiteElo "1890"]
[BlackElo "1840"]
[Result "0-1"]
[Round "1"]
1.e4 e5
2.Ng1f3 d6
3.Bf1c4 h6
4.Nb1c3 c6
5.O-O a6
6.d3 g5
7.Nf3e1 Qd8e7
8.Ne1f3 Bc8g4
9.Nc3a4 Nb8d7
10.Bc1e3 Ng8f6
11.h3 Bg4h5
12.Na4c3 g4
13.Nf3h4 Nf6h7
14.Nh4f5 Qe7d8
15.hxg4 Bh5g6
16.Be3xh6 Bg6xf5
17.Bh6xf8 Nh7xf8
18.gxf5 Qd8h4
19.f3 Nd7f6
20.Nc3e2 Nf8d7
21.a4 Ke7
22.b4 Ra8g8
23.Qd1e1 Qh4h1
24.Kf2 Rg8xg2
25.Ke3 Qh1h6
26.f4 Nf6g4
27.Kd2 Nd7f6
28.Rf1f3 Nf6h5
29.Rf3h3 exf4
30.Kc3 Qh6f6
31.Kb3 Ng4e5
32.Qe1f1 f3
33.Ne2d4 Nh5g3
34.Qf1c1 Rh8xh3
35.Qc1f4 f2
36.Nd4e6 fxe6
37.Bc4xe6 Ne5g6
38.Qf4e3 Qf6xa1
39.Qe3g5 Kf8
40.Qg5d8 Kg7
41.Qd8g8 Kf6
42.Qg8xg6 Ke5
43.Qg6g7 Kf4
44.Qg7xa1 Rg2g1
45.Qa1d4 f1Q
46.e5 Kg5
47.exd6 Qf1b1
48.Ka3 Qb1a1
49.Kb3 Qa1xd4
{ resign }
0-1